INFORMATION TRANSMISSION MODULATION AND NOISE A UNIFIED APPROACH TO COMMUNICATION SYSTEM (Record no. 583183)

000 -LEADER
fixed length control field 00344nam a22001217a 4500
020 ## - INTERNATIONAL STANDARD BOOK NUMBER
International Standard Book Number 07-055761-6
082 ## - DEWEY DECIMAL CLASSIFICATION NUMBER
Classification number 621.3823 SCH'I
100 ## - MAIN ENTRY--PERSONAL NAME
Personal name SCHWARTZ, MISCHA
9 (RLIN) 78022
245 ## - TITLE STATEMENT
Title INFORMATION TRANSMISSION MODULATION AND NOISE A UNIFIED APPROACH TO COMMUNICATION SYSTEM
260 ## - PUBLICATION, DISTRIBUTION, ETC.
Place of publication, distribution, etc. NEWYORK
Name of publisher, distributor, etc. MCGRAW HILL
Date of publication, distribution, etc. 1970
300 ## - PHYSICAL DESCRIPTION
Extent 672P
942 ## - ADDED ENTRY ELEMENTS (KOHA)
Koha item type Book
Holdings
Withdrawn status Lost status Damaged status Not for loan Permanent Location Current Location Shelving location Date acquired Total Checkouts Full call number Barcode Date last seen Price effective from Koha item type
        College of Electrical & Mechanical Engineering (CEME) College of Electrical & Mechanical Engineering (CEME) General Stacks 06/13/2017   621.3823 SCH'I CEME-8564 06/28/2021 06/28/2021 Book
© 2023 Central Library, National University of Sciences and Technology. All Rights Reserved.